| 000 | 00380cam a2200145ua 4500 | ||
|---|---|---|---|
| 041 |
_aeng _h |
||
| 082 |
_a954 _bDAV/HI |
||
| 100 | _aDavies, Collin C . | ||
| 245 |
_aHistorical atlas of Indian Peninsula / _cC.Collin Davies. _hTextual Documents |
||
| 260 |
_aCalcutta : _bOxford University Press , _c1963. |
||
| 300 | _a ; . | ||
| 504 | _a | ||
| 942 | _cBK | ||
| 999 |
_c11478 _d11478 |
||